Historical Countries 1 - Statistics

General Stats
  • This quiz has been taken 122 times
  • The average score is 12 of 20
Answer Stats
Hint Years Answer % Correct
Communist country, Cold War superpower 1922-1991 Soviet Union
95%
Muslim empire that spread across 3 continents 1299-1922 Ottoman Empire
89%
2nd largest US state 1836-1846 Republic of Texas
83%
Largest empire in history 16th century-1997 British Empire
79%
Revolutionary empire that dominated Europe 1804-1814 First French Empire
79%
Last Chinese dynasty 1636-1912 Qing Dynasty
78%
Empire that dominated the German world 800-1806 Holy Roman Empire
68%
Known as the Duel Monarchy 1867-1918 Austria-Hungary
66%
Germany after WW1 1918-1933 Weimar Republic
66%
Birthplace of Napolean 1755-1769 Corsican Republic
62%
Lost three wars to Rome 814-146 BC Carthaginian Empire
59%
Succesor of the Roman Empire, known by two names 395-1453 Byzantine Empire
57%
Home to the richest man in history 1230-1672 Mali Empire
54%
Earliest form of Russia 880-1240 Kieven Rus'
49%
German puppet that killed 300k Serbs 1941-1945 Independent State of Croatia
47%
Home of the people that invaded England 911-1204 Duchy of Normandy
45%
Union of two Eastern European countries 1569-1795 Polish-Lithuanian Commenwealth
39%
Kingdom that unified the Anglo-Saxons 519-927 Kingdom of Wessex
32%
British protecterate, belligerent in the shorest war 1856-1954 Sultanate of Zanzibar
30%
First Saudi State 1727-1818 Emirate of Diriyah
4%
No matching quizzes found
Score Distribution
Percent of People with Each Score
Percentile by Number Answered
Your Score History
You have not taken this quiz